000 00233nam a2200085Ia 4500
245 0 _aMagnetism and electromagnets
100 _a Hartman, Eve Harlow, UK, 2009
_970124
942 _cBK
008 210817s9999 xx 000 0 und d
999 _c322365
_d322364